all about ur mom - Statistics

General Stats
  • This quiz has been taken 3 times
  • The average score is 7 of 17
Answer Stats
Hint Answer % Correct
favorite number 17
100%
how many kids do i want 4
67%
how many car wrecks have i been in 4
67%
how tall am i 5'10
33%
when i play mario cart which character am i bowser
33%
gold or silver gold
33%
fav sport to watch golf
33%
fav marvel movie iron man 3
33%
who did i win courtwarming with jaden
33%
fav book land of stories
33%
fav makeup product mascara
33%
fav artist noah kahan
33%
favorite color pink
33%
high school mascot pinto
33%
first celebrity crush seely booth
33%
dream job stay at home mom
33%
first dogs name zoey
33%
No matching quizzes found
Score Distribution
Percent of People with Each Score
Percentile by Number Answered
Your Score History
You have not taken this quiz